00660nam a2200229Ia 450000500170000000800410001702000140005804000190007204100120009108200140010310000150011724500460013226000260017830000160020444000370022050400190025770000170027685000110029394200070030499900170031195201020032820240403131424.0131103s9999 xx 000 0 und d a582214912 aLoreto College aEnglish a170 bWIG aWigley, B. aFrom Fear to FaithcB.Wigley, R. Pitcher aLondonbLongmanc1970 a96p.b pic. aThe Developing World; Religion 1 aIncludes index aPitcher, R.  aLCBED  cBK c32094d82573 00102ddc4070aMAINbMAINd2013-11-04l0o170/ WIG 6158pB34949r2013-11-04w2013-11-04yBKf